Представление документа в формате RUSMARC

ПолеНазваниеЗначение
  Тип записи a
  Библиографический уровень m
001 Контрольный номер RU/IS/BASE/290790644
005 Дата корректировки 20201206204629.4
010 Индекс ISBN __
a ISBN 978-5-94832-271-1
d Цена 228-47
101 Язык документа 0_
a Язык текста rus
c Язык оригинала rus
200 Заглавие и сведения об ответственности 1_
a Заглавие Лекарственные средства
e Сведения, относящиеся к заглавию 5000 наименований лекарствен. препаратов. Свойства, применение, взаимодействие, противопоказания : справ.
f Первые сведения об ответственности под ред. М. А. Клюева
b Общее обозначение материала Текст
205 Сведения об издании __
a Основные сведения об издании 13-е изд., доп. и перераб.
210 Выходные данные __
a Место издания М.
c Издательство Поматур
d Дата издания 2008
215 Физическое описание __
a Объем 637 с.
330 Аннотация __
a Аннотация Приведен перечень жизненно необходимых и важнейших лекарственных средств, утвержденный Правительством РФ в 2007 г.
606 Тематические рубрики __
a Основная рубрика Здравоохранение. Медицинские науки
606 Тематические рубрики __
a Основная рубрика Фармакология
606 Тематические рубрики __
a Основная рубрика Лекарственная терапия
610 Ключевые слова __
a Ключевые слова лекарственные средства; лекарственные препараты; лекарственные вещества; лекарственные формы; лекарства; взаимодействие лекарств; противопоказания
686 Индексы других классификаций __
a Классификационный индекс 52.817я22
686 Индексы других классификаций __
a Классификационный индекс 53.522
702 Вторичная интеллектуальная ответственность _1
a Фамилия Клюев
b Имя М. А.
4 Код отношения Редактор
4 Код отношения 340
801 Источник записи _0
a Страна RU
b Организация Муниципальное бюджетное учреждение культуры "Централизованная библиотечная система" г. Сургут (Центральная городская библиотека им. А. С. Пушкина)
g Правила каталогизации КиК/Елгина
801 Источник записи _1
a Страна RU
b Организация Муниципальное бюджетное учреждение культуры "Централизованная библиотечная система" г. Сургут (Центральная городская библиотека им. А. С. Пушкина)
g Правила каталогизации КиК/Елгина
852 Данные о местонахождении __
j Шифр хранения 52.817я22
c Каталожный индекс 52.81я2
i Авторский знак Л 43
901 Тип документа __
t Тип документа m
903 Характеристики (МАРС) __
a Дата передачи 20090413
990 Данные о заказе (DOS) __
j Количество экземпляров (DOS) 5
t N записи в КСУ для И/У (DOS) 200904